| 000 | 00520nam a2200193Ia 4500 | ||
|---|---|---|---|
| 005 | 20250508151126.0 | ||
| 008 | 008 250505s9999 xx 000 0 eng d | ||
| 037 | _aTextual | ||
| 040 |
_aFEDL _beng _cFEDL |
||
| 041 |
_aeng _2eng |
||
| 084 |
_a309, SMI _qFEDL |
||
| 100 |
_aSmith Marion B. _9758459 |
||
| 245 | 0 | _aSurvey of social science | |
| 250 | _a3rd | ||
| 260 |
_aBoston, USA _bHoughton Mifflin Company _c1951 |
||
| 300 | _axvii,743p. | ||
| 942 |
_cTEXL _h309, SMI |
||
| 999 |
_c1327741 _d1327741 |
||